Statistics for Nintendo Series by short description

Click here to take the quiz!

General Stats

  • This quiz has been taken 30 times
    (24 since last reset)
  • The average score is 13 of 16

Answer Stats

DescriptionAnswer% Correct
Brother plumbers battle a giant turtle to save a princessSuper Mario Bros
100%
A warrior battles many evils to save his country and (another) princessThe Legend of Zelda
94%
An ape and his friends try protecting the jungleDonkey Kong
89%
Different characters from answer #1 race against each otherMarioKart
89%
Different characters from answer #1 play a sort of board game togetherMario Party
89%
All Nintendo characters battle Master Hands and other evilsSuper Smash Bros
89%
Make your own villageAnimal Crossing
83%
A space bounty hunter tries to defeat many things for aliensMetroid
83%
You try to become the strongest by capturing creatures in little ballsPokemon
83%
Squid people battle each other with paintSplatoon
83%
A fox and his companions try taking down enemy forcesStarFox
83%
A dinosaur and his dinosaur friends try protecting their landYoshi
83%
A boy with angel wings battles things in an angel worldKid Icarus
78%
A star warrior and friends battle darkness to save their planetKirby
78%
Swordsman people fight enemies for their landFire emblem
67%
A space guy recruits plant-aliens to collect items and battle monster plantsPikmin
67%

Score Distribution

Percentile by Number Answered

Percent of People with Each Score

Your Score History

You have not taken this quiz since the last reset